[Event "Santa Clara"]
[Site "Santa Clara"]
[Date "1990.??.??"]
[Round "2"]
[White "Garcia Gonzales, Guillermo"]
[Black "Henao, Raul Fernando"]
[Result "1-0"]
[WhiteElo "2500"]
[BlackElo "2400"]
[PlyCount "51"]
[EventDate "1990.02.??"]
[EventType "tourn"]
[EventRounds "13"]
[EventCountry "CUB"]
[EventCategory "8"]
[SourceTitle "EXT 1997"]
[Source "ChessBase"]
[SourceDate "1996.11.15"]
[SourceVersion "1"]
[SourceVersionDate "1996.11.15"]
[SourceQuality "1"]

1. Nf3 Nf6 2. c4 c5 3. d4 cxd4 4. Nxd4 g6 5. Nc3 Bg7 6. e4 d6 7. Be2 Nc6 8. Be3 Bd7 9. 0-0 0-0 10. Qd2 Nxd4 11. Bxd4 Bc6 12. f3 a5 13. Rae1 a4 14. Rf2 Qa5 15. Bf1 Nd7 16. Bxg7 Kxg7 17. f4 Qc5 18. Re3 e6 19. h3 Rfe8 20. Qe1 Nb6 21. Nd1 f5 22. Qc3+ Kf7 23. e5 d5 24. cxd5 Qxd5 25. Rd2 Qxa2 26. Qc1 1-0

[Event "Santa Clara"]
[Site "Santa Clara"]
[Date "1990.??.??"]
[Round "12"]
[White "Garcia Gonzales, Guillermo"]
[Black "Herrera, Irisberto"]
[Result "1-0"]
[WhiteElo "2500"]
[BlackElo "2410"]
[PlyCount "33"]
[EventDate "1990.02.??"]
[EventType "tourn"]
[EventRounds "13"]
[EventCountry "CUB"]
[EventCategory "8"]
[SourceTitle "EXT 1997"]
[Source "ChessBase"]
[SourceDate "1996.11.15"]
[SourceVersion "1"]
[SourceVersionDate "1996.11.15"]
[SourceQuality "1"]

1. d4 Nf6 2. Nf3 e6 3. c4 b6 4. g3 Ba6 5. b3 Bb4+ 6. Bd2 Be7 7. Bg2 c6 8. Bc3 d5 9. Ne5 Nfd7 10. Nxd7 Nxd7 11. Nd2 0-0 12. 0-0 Nf6 13. e4 b5 14. Re1 Rc8 15. e5 Ne8 16. c5 Rc7 17. Ba5 1-0

[Event "Santa Clara"]
[Site "Santa Clara"]
[Date "1990.??.??"]
[Round "11"]
[White "Sariego Figueredo, Wilfredo"]
[Black "Garcia Gonzales, Guillermo"]
[Result "1/2-1/2"]
[WhiteElo "2405"]
[BlackElo "2500"]
[PlyCount "29"]
[EventDate "1990.02.??"]
[EventType "tourn"]
[EventRounds "13"]
[EventCountry "CUB"]
[EventCategory "8"]
[SourceTitle "EXT 1997"]
[Source "ChessBase"]
[SourceDate "1996.11.15"]
[SourceVersion "1"]
[SourceVersionDate "1996.11.15"]
[SourceQuality "1"]

1. e4 e5 2. Nf3 Nf6 3. Nxe5 d6 4. Nf3 Nxe4 5. Qe2 Qe7 6. d3 Nf6 7. Bg5 Qxe2+ 8. Bxe2 Be7 9. 0-0 0-0 10. Nc3 c6 11. Rae1 Na6 12. Bd1 Bd8 13. Ne4 Nxe4 14. Rxe4 Bxg5 15. Nxg5 1/2-1/2

[Event "WchT 2nd"]
[Site "Luzern"]
[Date "1989.??.??"]
[Round "4.3"]
[White "Adams, Michael"]
[Black "Garcia Gonzales, Guillermo"]
[Result "1-0"]
[WhiteElo "2505"]
[BlackElo "2510"]
[PlyCount "118"]
[EventDate "1989.10.27"]
[EventType "team-tourn"]
[EventRounds "9"]
[EventCountry "SUI"]
[SourceTitle "CBM 016"]
[Source "ChessBase"]
[SourceDate "1990.06.01"]
[SourceVersion "1"]
[SourceVersionDate "1990.06.01"]
[SourceQuality "1"]
[WhiteTeam "England"]
[BlackTeam "Cuba"]
[WhiteTeamCountry "ENG"]
[BlackTeamCountry "CUB"]

1. e4 e5 2. Nf3 Nf6 3. Nxe5 d6 4. Nf3 Nxe4 5. d4 d5 6. Bd3 Nc6 7. 0-0 Be7 8. c4 Nf6 9. cxd5 Nxd5 10. h3 0-0 11. Nc3 Be6 12. Re1 Bf6 13. Ne4 Bxd4 14. Neg5 h6 15. Rxe6 hxg5 16. Rxc6 bxc6 17. Nxd4 Nb4 18. Be2 c5 19. Nf3 Qxd1+ 20. Bxd1 f6 21. Bb3+ Kh8 22. Bc4 Nc2 23. Rb1 Rab8 24. b3 Rfd8 25. Bb2 Nb4 26. a3 Nd5 27. a4 Nb6 28. Bb5 Nc8 29. Ba3 Nd6 30. Bf1 Ne4 31. Bc4 c6 32. Re1 Nd6 33. Be6 Nb7 34. Kh2 Rd6 35. Bf7 Rd7 36. Bc4 Kh7 37. Be6 Rdd8 38. Rc1 Rd6 39. Re1 Kh8 40. Bf7 Rd7 41. Bc4 Na5 42. Be6 Rdb7 43. Nd2 Rd8 44. Re2 Re7 45. Bxc5 Rxd2 46. Rxd2 Rxe6 47. Rd8+ Kh7 48. Rb8 Re2 49. Bxa7 Rb2 50. Bd4 Rb1 51. Rb6 Rc1 52. b4 Nb3 53. Be3 Rc2 54. a5 c5 55. a6 Nd4 56. bxc5 Nf5 57. a7 Ra2 58. Rb7 Kg6 59. c6 Nd6 1-0

[Event "CUB-ch"]
[Site "St Spiritus"]
[Date "1989.??.??"]
[Round "11"]
[White "Garcia Gonzales, Guillermo"]
[Black "Lugo, Blas"]
[Result "1-0"]
[WhiteElo "2515"]
[BlackElo "2340"]
[PlyCount "83"]
[EventDate "1989.??.??"]
[EventType "swiss"]
[EventRounds "11"]
[EventCountry "CUB"]
[SourceTitle "EXT 1997"]
[Source "ChessBase"]
[SourceDate "1996.11.15"]
[SourceVersion "1"]
[SourceVersionDate "1996.11.15"]
[SourceQuality "1"]

1. d4 d5 2. c4 c6 3. Nc3 Nf6 4. e3 e6 5. Nf3 Nbd7 6. Be2 Bd6 7. 0-0 0-0 8. b3 Re8 9. Bb2 Qe7 10. Qc2 dxc4 11. Bxc4 h6 12. Ne2 b5 13. Bd3 Bb7 14. e4 Ba3 15. Ng3 Bxb2 16. Qxb2 c5 17. Bxb5 Nxe4 18. Nxe4 Bxe4 19. dxc5 Bxf3 20. gxf3 Red8 21. Bxd7 Rxd7 22. b4 Rad8 23. Kh1 Rd2 24. Qe5 R8d5 25. Qg3 R2d4 26. Rg1 g6 27. a3 Qb7 28. Rac1 Qc6 29. Rc3 a6 30. Qb8+ Rd8 31. Qb6 Qd5 32. c6 Rh4 33. Qxd8+ Qxd8 34. c7 Rxh2+ 35. Kxh2 Qh4+ 36. Kg2 Qg5+ 37. Kf1 Qb5+ 38. Ke1 Qe5+ 39. Kd2 Qd4+ 40. Kc2 Qxf2+ 41. Kb3 Qxg1 42. c8Q+ 1-0

[Event "CUB-ch"]
[Site "St Spiritus"]
[Date "1989.??.??"]
[Round "1"]
[White "Garcia Gonzales, Guillermo"]
[Black "Pecorelli Garcia, Humberto"]
[Result "1-0"]
[WhiteElo "2515"]
[BlackElo "2325"]
[PlyCount "93"]
[EventDate "1989.??.??"]
[EventType "swiss"]
[EventRounds "11"]
[EventCountry "CUB"]
[SourceTitle "EXT 1997"]
[Source "ChessBase"]
[SourceDate "1996.11.15"]
[SourceVersion "1"]
[SourceVersionDate "1996.11.15"]
[SourceQuality "1"]

1. d4 d5 2. Nf3 Nf6 3. c4 e6 4. Nc3 Be7 5. Bg5 0-0 6. e3 h6 7. Bh4 b6 8. Bxf6 Bxf6 9. cxd5 exd5 10. Qb3 Be6 11. Rd1 c6 12. Be2 Re8 13. 0-0 Qd6 14. Rd2 Nd7 15. Rc1 Bf5 16. Qd1 Bd8 17. Bd3 Bg4 18. h3 Bh5 19. Rdc2 a5 20. Nb1 Rc8 21. Nbd2 Bg6 22. Bxg6 Qxg6 23. Ne1 Bc7 24. Ndf3 Bb8 25. Nd3 Qd6 26. Qe1 c5 27. dxc5 bxc5 28. Qxa5 c4 29. Nf4 Rc5 30. Qd2 Nf6 31. Rd1 Qa6 32. Nd3 Rb5 33. Nc1 Ne4 34. Qe2 Qb7 35. b3 cxb3 36. Nxb3 Ba7 37. Nbd4 Bxd4 38. Nxd4 Rb1 39. Rxb1 Qxb1+ 40. Qf1 Qb4 41. Qb5 Qe1+ 42. Kh2 Rf8 43. Qb2 g6 44. Nc6 Re8 45. a4 h5 46. a5 h4 47. Rc1 1-0

[Event "Bayamo"]
[Site "Bayamo"]
[Date "1989.??.??"]
[Round "6"]
[White "Garcia Gonzales, Guillermo"]
[Black "Sariego Figueredo, Wilfredo"]
[Result "1/2-1/2"]
[WhiteElo "2515"]
[BlackElo "2350"]
[PlyCount "22"]
[EventDate "1989.03.??"]
[EventType "tourn"]
[EventRounds "13"]
[EventCountry "CUB"]
[EventCategory "8"]
[SourceTitle "EXT 1997"]
[Source "ChessBase"]
[SourceDate "1996.11.15"]
[SourceVersion "1"]
[SourceVersionDate "1996.11.15"]
[SourceQuality "1"]

1. d4 c5 2. e3 cxd4 3. exd4 d5 4. Bd3 Nf6 5. c3 e6 6. Nf3 Nc6 7. Bf4 Bd6 8. Bxd6 Qxd6 9. Qe2 0-0 10. 0-0 Qf4 11. Nbd2 Ne7 1/2-1/2

[Event "Bayamo"]
[Site "Bayamo"]
[Date "1989.??.??"]
[Round "13"]
[White "Garcia Gonzales, Guillermo"]
[Black "Vera Gonzalez Quevedo, Reynaldo"]
[Result "1/2-1/2"]
[WhiteElo "2515"]
[BlackElo "2470"]
[PlyCount "28"]
[EventDate "1989.03.??"]
[EventType "tourn"]
[EventRounds "13"]
[EventCountry "CUB"]
[EventCategory "8"]
[SourceTitle "EXT 1997"]
[Source "ChessBase"]
[SourceDate "1996.11.15"]
[SourceVersion "1"]
[SourceVersionDate "1996.11.15"]
[SourceQuality "1"]

1. d4 Nf6 2. c4 e6 3. Nf3 Bb4+ 4. Bd2 Qe7 5. e3 0-0 6. Bd3 d5 7. 0-0 b6 8. Nc3 Bb7 9. cxd5 exd5 10. Rc1 a6 11. Ne2 Bxd2 12. Qxd2 Qd6 13. Ne5 Nbd7 14. Nxd7 Nxd7 1/2-1/2

[Event "WchT 2nd"]
[Site "Luzern"]
[Date "1989.??.??"]
[Round "3.3"]
[White "Groszpeter, Attila"]
[Black "Garcia Gonzales, Guillermo"]
[Result "1/2-1/2"]
[WhiteElo "2515"]
[BlackElo "2510"]
[PlyCount "32"]
[EventDate "1989.10.27"]
[EventType "team-tourn"]
[EventRounds "9"]
[EventCountry "SUI"]
[SourceTitle "CBM 016"]
[Source "ChessBase"]
[SourceDate "1990.06.01"]
[SourceVersion "1"]
[SourceVersionDate "1990.06.01"]
[SourceQuality "1"]
[WhiteTeam "Hungary"]
[BlackTeam "Cuba"]
[WhiteTeamCountry "HUN"]
[BlackTeamCountry "CUB"]

1. d4 Nf6 2. c4 e6 3. Nc3 Bb4 4. e3 d5 5. Bd3 c5 6. Nge2 dxc4 7. Bxc4 cxd4 8. exd4 0-0 9. 0-0 Nc6 10. Bg5 h6 11. Bh4 Be7 12. Rc1 e5 13. Bxf6 Bxf6 14. d5 Nd4 15. Ne4 Bf5 16. Nxf6+ Qxf6 1/2-1/2

[Event "CUB-ch"]
[Site "St Spiritus"]
[Date "1989.??.??"]
[Round "9"]
[White "Nogueiras Santiago, Jesus"]
[Black "Garcia Gonzales, Guillermo"]
[Result "1/2-1/2"]
[WhiteElo "2575"]
[BlackElo "2515"]
[PlyCount "29"]
[EventDate "1989.??.??"]
[EventType "swiss"]
[EventRounds "11"]
[EventCountry "CUB"]
[SourceTitle "EXT 1997"]
[Source "ChessBase"]
[SourceDate "1996.11.15"]
[SourceVersion "1"]
[SourceVersionDate "1996.11.15"]
[SourceQuality "1"]

1. d4 Nf6 2. c4 e6 3. Nf3 d5 4. Nc3 Be7 5. Bg5 h6 6. Bh4 0-0 7. e3 Nbd7 8. Rc1 a6 9. Bxf6 Nxf6 10. a3 dxc4 11. Bxc4 c5 12. dxc5 Bxc5 13. Qxd8 Rxd8 14. Ke2 Bd7 15. Rhd1 1/2-1/2

[Event "Aosta op"]
[Site "Aosta"]
[Date "1989.??.??"]
[Round "?"]
[White "Sarno, Spartaco"]
[Black "Garcia Gonzales, Guillermo"]
[Result "0-1"]
[WhiteElo "2270"]
[BlackElo "2515"]
[PlyCount "112"]
[EventDate "1989.12.??"]
[EventType "swiss"]
[EventRounds "9"]
[EventCountry "ITA"]
[SourceTitle "EXT 1997"]
[Source "ChessBase"]
[SourceDate "1996.11.15"]
[SourceVersion "1"]
[SourceVersionDate "1996.11.15"]
[SourceQuality "1"]

1. d4 Nf6 2. c4 e6 3. Nf3 c5 4. d5 exd5 5. cxd5 d6 6. Nc3 g6 7. e4 Bg7 8. h3 0-0 9. Bd3 b5 10. Nxb5 Nxe4 11. Bxe4 Re8 12. Nd2 Ba6 13. a4 Qa5 14. Nxd6 Nd7 15. Qc2 f5 16. Kd1 fxe4 17. N2c4 Bxc4 18. Nxc4 Qa6 19. Re1 Nb6 20. Nxb6 axb6 21. Bf4 Rad8 22. d6 Be5 23. Bxe5 Rxe5 24. Ra3 Rxd6+ 25. Kc1 Rd4 26. Kb1 Kg7 27. Qe2 Qa5 28. f3 Rd2 29. Qe3 Rxg2 30. fxe4 Qd2 31. Qxd2 Rxd2 32. Rb3 Re6 33. e5 Rd4 34. Ra3 Rd5 35. Rae3 g5 36. Kc2 Kg6 37. Kc3 Rd4 38. b3 h5 39. Rd3 Rxd3+ 40. Kxd3 Kf5 41. Kc4 Rxe5 42. Rf1+ Kg6 43. Kb5 Re6 44. Rg1 Rf6 45. Rg2 Kf5 46. Rf2+ Ke5 47. Rg2 Rg6 48. a5 bxa5 49. Kxc5 Kf4 50. Kb5 Re6 51. Kxa5 Re3 52. Rf2+ Kg3 53. Rf5 Kh4 54. b4 Ra3+ 55. Kb6 Rxh3 56. b5 g4 0-1

[Event "Olympiad-28"]
[Site "Thessaloniki"]
[Date "1988.11.26"]
[Round "12"]
[White "Franzoni, Giancarlo"]
[Black "Garcia Gonzales, Guillermo"]
[Result "1-0"]
[WhiteElo "2435"]
[BlackElo "2535"]
[PlyCount "59"]
[EventDate "1988.11.13"]
[EventType "team-swiss"]
[EventRounds "14"]
[EventCountry "GRE"]
[SourceTitle "TD"]
[Source "ChessBase"]
[SourceDate "1994.03.01"]
[SourceVersion "1"]
[SourceVersionDate "1994.03.01"]
[SourceQuality "1"]
[WhiteTeam "Switzerland"]
[BlackTeam "Cuba"]
[WhiteTeamCountry "SUI"]
[BlackTeamCountry "CUB"]

1. e4 c6 2. d4 d5 3. Nd2 g6 4. Ngf3 Bg7 5. h3 Nd7 6. Bd3 Nh6 7. 0-0 0-0 8. Re1 Re8 9. c3 Nf8 10. Nf1 Qc7 11. Ng3 Rd8 12. Qe2 Ne6 13. exd5 cxd5 14. Ne5 Rd6 15. h4 Bd7 16. h5 Rf8 17. Be3 Nd8 18. Qd2 Nf5 19. Nxd7 Nxe3 20. Nxf8 Nxg2 21. Nxh7 Nxe1 22. Rxe1 Kxh7 23. hxg6+ fxg6 24. Qg5 Bf8 25. Qh5+ Kg7 26. Qe5+ Kg8 27. Bxg6 Qb6 28. Bh5 Qxb2 29. Qg5+ Kh8 30. Nf5 1-0

[Event "Olympiad-28"]
[Site "Thessaloniki"]
[Date "1988.11.25"]
[Round "11"]
[White "Garcia Gonzales, Guillermo"]
[Black "Murugan, Krishnamoorthy"]
[Result "1-0"]
[WhiteElo "2535"]
[BlackElo "2455"]
[PlyCount "157"]
[EventDate "1988.11.13"]
[EventType "team-swiss"]
[EventRounds "14"]
[EventCountry "GRE"]
[SourceTitle "TD"]
[Source "ChessBase"]
[SourceDate "1994.03.01"]
[SourceVersion "1"]
[SourceVersionDate "1994.03.01"]
[SourceQuality "1"]
[WhiteTeam "Cuba"]
[BlackTeam "India"]
[WhiteTeamCountry "CUB"]
[BlackTeamCountry "IND"]

1. d4 Nf6 2. Nf3 e6 3. c4 d5 4. Nc3 Be7 5. cxd5 exd5 6. Bg5 0-0 7. e3 c6 8. Qc2 Nbd7 9. Bd3 Re8 10. 0-0 Nf8 11. h3 Ne4 12. Bf4 Ng5 13. Nxg5 Bxg5 14. Bh2 Be7 15. Rab1 Bd6 16. Bxd6 Qxd6 17. b4 Be6 18. Ne2 Rac8 19. Rfc1 g6 20. Qd2 Nd7 21. b5 c5 22. dxc5 Rxc5 23. Rxc5 Nxc5 24. Rc1 Rc8 25. Nd4 Nxd3 26. Rxc8+ Bxc8 27. Qxd3 Qc7 28. Qa3 a6 29. bxa6 bxa6 30. Qb2 Bd7 31. Nf3 Bb5 32. a3 Qc4 33. Ne5 Qf1+ 34. Kh2 h5 35. Qd2 Qe2 36. Qxe2 Bxe2 37. Nd7 Kg7 38. Nb6 Kf6 39. Nxd5+ Ke5 40. Nc3 Bd3 41. Kg3 a5 42. f3 Kd6 43. Na4 Bb5 44. Nb2 Ke5 45. h4 f6 46. Kf2 g5 47. g3 gxh4 48. gxh4 Kd5 49. Ke1 Kc5 50. Kd2 Bc6 51. Ke2 Bb5+ 52. Ke1 Kd5 53. Kd2 Kc5 54. Kc3 Be2 55. Nd3+ Kb5 56. f4 f5 57. Ne5 Kc5 58. Kd2 Bb5 59. Nf3 Kc4 60. Nd4 Bd7 61. Kc2 Ba4+ 62. Kc1 Bd7 63. Kc2 Ba4+ 64. Kd2 Bd7 65. Ne2 Be8 66. Ng3 Bg6 67. Kc2 a4 68. Nf1 Be8 69. Nd2+ Kc5 70. Kc3 Bc6 71. Nf1 Be8 72. Ng3 Bg6 73. e4 fxe4 74. f5 Bh7 75. Nxe4+ Kc6 76. f6 Kd7 77. Nc5+ Kd6 78. f7 Ke7 79. Ne6 1-0

[Event "Olympiad-28"]
[Site "Thessaloniki"]
[Date "1988.11.22"]
[Round "9"]
[White "Garcia Gonzales, Guillermo"]
[Black "Hoi, Carsten"]
[Result "0-1"]
[WhiteElo "2535"]
[BlackElo "2340"]
[PlyCount "80"]
[EventDate "1988.11.13"]
[EventType "team-swiss"]
[EventRounds "14"]
[EventCountry "GRE"]
[SourceTitle "TD"]
[Source "ChessBase"]
[SourceDate "1994.03.01"]
[SourceVersion "1"]
[SourceVersionDate "1994.03.01"]
[SourceQuality "1"]
[WhiteTeam "Cuba"]
[BlackTeam "Denmark"]
[WhiteTeamCountry "CUB"]
[BlackTeamCountry "DEN"]

1. d4 Nf6 2. Nf3 g6 3. c4 Bg7 4. g3 0-0 5. Bg2 d6 6. 0-0 Nc6 7. Nc3 e5 8. h3 Re8 9. d5 Ne7 10. Bd2 h6 11. e4 Nd7 12. b4 a5 13. a3 f5 14. Qc2 Nf6 15. Rac1 axb4 16. axb4 g5 17. h4 g4 18. Nh2 f4 19. gxf4 exf4 20. Bxf4 Nh5 21. Bg3 Ng6 22. Qd1 Nxh4 23. Nxg4 Nxg2 24. Nxh6+ Bxh6 25. Qxh5 Kg7 26. Kxg2 Bxc1 27. Rxc1 Rh8 28. Qd1 Bh3+ 29. Kg1 Qg5 30. Ne2 Bg4 31. f4 Qh5 32. Kf2 Ra2 33. Rc2 Ra3 34. Rc3 Ra2 35. Rc2 Rha8 36. Qd2 R2a3 37. Nc3 Qh1 38. Qd4+ Kg8 39. Qd3 Ra1 40. Ke3 R8a3 0-1

[Event "Olympiad-28"]
[Site "Thessaloniki"]
[Date "1988.11.20"]
[Round "7"]
[White "Olafsson, Helgi"]
[Black "Garcia Gonzales, Guillermo"]
[Result "1/2-1/2"]
[WhiteElo "2525"]
[BlackElo "2535"]
[PlyCount "41"]
[EventDate "1988.11.13"]
[EventType "team-swiss"]
[EventRounds "14"]
[EventCountry "GRE"]
[SourceTitle "TD"]
[Source "ChessBase"]
[SourceDate "1994.03.01"]
[SourceVersion "1"]
[SourceVersionDate "1994.03.01"]
[SourceQuality "1"]
[WhiteTeam "Iceland"]
[BlackTeam "Cuba"]
[WhiteTeamCountry "ISL"]
[BlackTeamCountry "CUB"]

1. d4 Nf6 2. c4 e6 3. Nf3 Bb4+ 4. Nbd2 b6 5. a3 Bxd2+ 6. Bxd2 d6 7. Bg5 Nbd7 8. e3 h6 9. Bh4 Bb7 10. Bd3 Qe7 11. b4 g5 12. Bg3 h5 13. h4 g4 14. Ng5 Bxg2 15. Rg1 Bb7 16. Qc2 a5 17. 0-0-0 axb4 18. axb4 b5 19. c5 Bd5 20. Qc3 0-0 21. e4 1/2-1/2

[Event "Olympiad-28"]
[Site "Thessaloniki"]
[Date "1988.11.14"]
[Round "2"]
[White "Fauland, Alexander"]
[Black "Garcia Gonzales, Guillermo"]
[Result "1/2-1/2"]
[WhiteElo "2385"]
[BlackElo "2535"]
[PlyCount "45"]
[EventDate "1988.11.13"]
[EventType "team-swiss"]
[EventRounds "14"]
[EventCountry "GRE"]
[SourceTitle "TD"]
[Source "ChessBase"]
[SourceDate "1994.03.01"]
[SourceVersion "1"]
[SourceVersionDate "1994.03.01"]
[SourceQuality "1"]
[WhiteTeam "Austria"]
[BlackTeam "Cuba"]
[WhiteTeamCountry "AUT"]
[BlackTeamCountry "CUB"]

1. Nf3 Nf6 2. c4 e6 3. d4 Bb4+ 4. Nbd2 d5 5. Qa4+ Nc6 6. a3 Bxd2+ 7. Bxd2 Ne4 8. e3 0-0 9. Bd3 e5 10. cxd5 Qxd5 11. Qc2 Nxd2 12. Nxd2 exd4 13. Bxh7+ Kh8 14. Be4 Qb5 15. Nf3 dxe3 16. fxe3 Rd8 17. Rc1 Bg4 18. Bxc6 bxc6 19. Qc4 Bxf3 20. Qxb5 cxb5 21. gxf3 Rac8 22. Ke2 c5 23. Rhd1 1/2-1/2

[Event "CUB-ch"]
[Site "Cuba"]
[Date "1988.??.??"]
[Round "?"]
[White "Alonso Garcia, Rene Marcial"]
[Black "Garcia Gonzales, Guillermo"]
[Result "1/2-1/2"]
[WhiteElo "2325"]
[BlackElo "2525"]
[PlyCount "24"]
[EventDate "1988.10.??"]
[EventType "swiss"]
[EventRounds "10"]
[EventCountry "CUB"]
[SourceTitle "TD"]
[Source "ChessBase"]
[SourceDate "1994.03.01"]
[SourceVersion "1"]
[SourceVersionDate "1994.03.01"]
[SourceQuality "1"]

1. e4 c6 2. d4 d5 3. Nd2 g6 4. Ngf3 Bg7 5. h3 Nd7 6. Bd3 dxe4 7. Nxe4 Ngf6 8. 0-0 Nxe4 9. Bxe4 0-0 10. c3 Nf6 11. Bc2 b6 12. Re1 Bb7 1/2-1/2

[Event "CUB-ch"]
[Site "Cuba"]
[Date "1988.??.??"]
[Round "?"]
[White "Borges Matos, Juan R"]
[Black "Garcia Gonzales, Guillermo"]
[Result "1/2-1/2"]
[WhiteElo "2535"]
[BlackElo "2525"]
[PlyCount "70"]
[EventDate "1988.10.??"]
[EventType "swiss"]
[EventRounds "10"]
[EventCountry "CUB"]
[SourceTitle "TD"]
[Source "ChessBase"]
[SourceDate "1994.03.01"]
[SourceVersion "1"]
[SourceVersionDate "1994.03.01"]
[SourceQuality "1"]

1. d4 Nf6 2. c4 e6 3. Nf3 Bb4+ 4. Bd2 a5 5. Nc3 0-0 6. Qc2 d5 7. e3 b6 8. Rc1 Bb7 9. Bd3 Nbd7 10. 0-0 Qe7 11. Rfd1 dxc4 12. Bxc4 c5 13. a3 Bxf3 14. gxf3 cxd4 15. axb4 dxc3 16. Qxc3 Rfc8 17. Qd4 e5 18. Qh4 e4 19. Be2 axb4 20. Qf4 Rxc1 21. Rxc1 Nc5 22. fxe4 Ncxe4 23. Bf3 Re8 24. Be1 h6 25. Qf5 b3 26. Qb5 Qd8 27. Qxb3 Re5 28. Rc4 Nd2 29. Bxd2 Qxd2 30. h4 Qd8 31. Qc3 Re8 32. Rd4 Qe7 33. b4 Rd8 34. Rc4 Ne8 35. Re4 Qf6 1/2-1/2

[Event "Capablanca Memorial-A 23th"]
[Site "Havana"]
[Date "1988.??.??"]
[Round "?"]
[White "Garcia Gonzales, Guillermo"]
[Black "Azmaiparashvili, Zurab"]
[Result "1/2-1/2"]
[WhiteElo "2485"]
[BlackElo "2540"]
[PlyCount "74"]
[EventDate "1988.05.22"]
[EventType "tourn"]
[EventRounds "11"]
[EventCountry "CUB"]
[EventCategory "11"]
[SourceTitle "CBM 010"]
[Source "ChessBase"]
[SourceDate "1989.06.01"]
[SourceVersion "1"]
[SourceVersionDate "1989.06.01"]
[SourceQuality "1"]

1. d4 d6 2. Bg5 g6 3. c4 h6 4. Bh4 Bg7 5. Nc3 Nf6 6. e3 Nbd7 7. Be2 0-0 8. Qc2 Re8 9. Rd1 c5 10. Nf3 a6 11. 0-0 Qa5 12. h3 Rb8 13. a3 cxd4 14. Nxd4 Qc7 15. Rd2 b6 16. Rc1 Bb7 17. Nd5 Nxd5 18. cxd5 Qxc2 19. Rdxc2 g5 20. Bg3 Bxd5 21. Bxa6 Nc5 22. Bb5 Be4 23. Bxe8 Bxc2 24. Bxf7+ Kxf7 25. Rxc2 Bxd4 26. exd4 Ne4 27. Bh2 Ra8 28. f3 Nf6 29. Kf2 Nd5 30. Ke2 b5 31. Bg1 b4 32. axb4 Nxb4 33. Rc4 Rb8 34. Be3 Ke6 35. Bd2 Nd5 36. b4 Ra8 37. Rc2 Ra3 1/2-1/2

[Event "Capablanca Memorial-A 23th"]
[Site "Havana"]
[Date "1988.??.??"]
[Round "?"]
[White "Garcia Gonzales, Guillermo"]
[Black "Granda Zuniga, Julio E"]
[Result "1/2-1/2"]
[WhiteElo "2485"]
[BlackElo "2540"]
[PlyCount "45"]
[EventDate "1988.05.22"]
[EventType "tourn"]
[EventRounds "11"]
[EventCountry "CUB"]
[EventCategory "11"]
[SourceTitle "CBM 010"]
[Source "ChessBase"]
[SourceDate "1989.06.01"]
[SourceVersion "1"]
[SourceVersionDate "1989.06.01"]
[SourceQuality "1"]

1. d4 Nf6 2. c4 e6 3. Nf3 d5 4. Nc3 Be7 5. cxd5 exd5 6. Bg5 0-0 7. e3 Re8 8. Bd3 Nbd7 9. 0-0 c6 10. Qc2 Nf8 11. Rae1 Be6 12. a3 h6 13. Bh4 N6d7 14. Bg3 Rc8 15. b4 a5 16. Rb1 b5 17. Ne5 axb4 18. axb4 Nb6 19. Ne2 Nc4 20. Nf4 Bd6 21. Nxe6 Nxe6 22. Bh7+ Kf8 23. Nxc4 1/2-1/2

[Event "CUB-ch"]
[Site "Cuba"]
[Date "1988.??.??"]
[Round "?"]
[White "Garcia Gonzales, Guillermo"]
[Black "Ortega, Lexy"]
[Result "1/2-1/2"]
[WhiteElo "2525"]
[BlackElo "2380"]
[PlyCount "27"]
[EventDate "1988.10.??"]
[EventType "swiss"]
[EventRounds "10"]
[EventCountry "CUB"]
[SourceTitle "TD"]
[Source "ChessBase"]
[SourceDate "1994.03.01"]
[SourceVersion "1"]
[SourceVersionDate "1994.03.01"]
[SourceQuality "1"]

1. d4 d5 2. c4 c6 3. cxd5 cxd5 4. Nc3 Nf6 5. Bf4 Nc6 6. e3 Bf5 7. Bd3 Bxd3 8. Qxd3 e6 9. Nge2 Bd6 10. 0-0 0-0 11. Rac1 Rc8 12. Rfd1 Bxf4 13. Nxf4 a6 14. h3 1/2-1/2

[Event "Capablanca Memorial-A 23th"]
[Site "Havana"]
[Date "1988.??.??"]
[Round "?"]
[White "Garcia Gonzales, Guillermo"]
[Black "Rodriguez Cespedes, Amador"]
[Result "1/2-1/2"]
[WhiteElo "2485"]
[BlackElo "2540"]
[PlyCount "22"]
[EventDate "1988.05.22"]
[EventType "tourn"]
[EventRounds "11"]
[EventCountry "CUB"]
[EventCategory "11"]
[SourceTitle "CBM 010"]
[Source "ChessBase"]
[SourceDate "1989.06.01"]
[SourceVersion "1"]
[SourceVersionDate "1989.06.01"]
[SourceQuality "1"]

1. d4 Nf6 2. c4 e6 3. Nf3 Bb4+ 4. Bd2 Bxd2+ 5. Qxd2 0-0 6. Nc3 d5 7. e3 Qe7 8. Rc1 Rd8 9. Qc2 Nbd7 10. cxd5 exd5 11. Be2 c6 1/2-1/2

[Event "Medellin"]
[Site "Medellin"]
[Date "1987.??.??"]
[Round "?"]
[White "Agudelo, Antonio"]
[Black "Garcia Gonzales, Guillermo"]
[Result "1/2-1/2"]
[WhiteElo "2340"]
[BlackElo "2495"]
[PlyCount "27"]
[EventDate "1987.??.??"]
[EventType "tourn"]
[EventRounds "13"]
[EventCountry "COL"]
[EventCategory "5"]
[SourceTitle "EXT 1997"]
[Source "ChessBase"]
[SourceDate "1996.11.15"]
[SourceVersion "1"]
[SourceVersionDate "1996.11.15"]
[SourceQuality "1"]

1. Nf3 Nf6 2. c4 e6 3. Nc3 Bb4 4. g3 b6 5. Bg2 Bb7 6. 0-0 0-0 7. Qc2 d5 8. Ne5 Nbd7 9. Nxd7 Qxd7 10. d4 c6 11. Bg5 Be7 12. cxd5 cxd5 13. Rac1 Rfc8 14. e3 1/2-1/2